[Event "Udaipur Pandiyar op 8th"]
[Site "Udaipur"]
[Date "2023.10.15"]
[Round "1"]
[White "Swapnil, S Dhopade"]
[Black "Munna Das, Bairagi"]
[Result "1-0"]
[WhiteElo "2469"]
[BlackElo "1235"]
[PlyCount "35"]
[EventDate "2023.10.15"]
[EventType "swiss"]
[EventRounds "9"]
[EventCountry "IND"]
[SourceTitle "CBM 216 Extra"]
[Source "ChessBase"]
[SourceDate "2023.11.30"]
[SourceVersion "1"]
[SourceVersionDate "2023.11.30"]
[SourceQuality "1"]

1. d4 d5 2. c4 c6 3. Nc3 Nf6 4. Nf3 e6 5. Bg5 Bb4 6. Qb3 Bxc3+ 7. bxc3 Nbd7 8. e3 0-0 9. cxd5 exd5 10. Bd3 Qa5 11. 0-0 Ne4 12. Be7 Re8 13. Bb4 Qd8 14. c4 a5 15. Ba3 Ndf6 16. cxd5 Nxd5 17. Ne5 Nd2 18. Bxh7+ 1-0

[Event "Aligarh Pavna op"]
[Site "Aligarh"]
[Date "2016.05.18"]
[Round "2"]
[White "Munna Das, Bairagi"]
[Black "Sawyan, Baran De"]
[Result "1/2-1/2"]
[WhiteElo "1395"]
[BlackElo "1828"]
[PlyCount "69"]
[EventDate "2016.05.17"]
[EventType "swiss"]
[EventRounds "9"]
[EventCountry "IND"]
[SourceTitle "CBM 172 Extra"]
[Source "ChessBase"]
[SourceDate "2016.06.21"]
[SourceVersion "1"]
[SourceVersionDate "2016.06.21"]
[SourceQuality "1"]

1. d4 Nf6 2. c4 c5 3. d5 b5 4. cxb5 a6 5. Nc3 axb5 6. Nxb5 Qa5+ 7. Nc3 g6 8. e3 Bg7 9. Bd2 0-0 10. g3 d6 11. Bg2 Nbd7 12. Nge2 Qb6 13. Qc2 Ba6 14. 0-0 Rfb8 15. Rfb1 Ne5 16. Nc1 Ra7 17. b3 Rab7 18. Na4 Qc7 19. Bc3 Nfd7 20. h3 c4 21. b4 Nd3 22. Bxg7 Kxg7 23. a3 N7e5 24. Qc3 Qd7 25. Nb2 Kg8 26. Ne2 Qf5 27. f4 Nxb2 28. Rxb2 Nd3 29. Rd2 e5 30. dxe6 Qxe6 31. e4 Re7 32. Rf1 f5 33. Nd4 Qc8 34. exf5 gxf5 35. Bd5+ 1/2-1/2